US Presidents Depicted in Movies - Statistics

General Stats
  • This quiz has been taken 108 times
  • The average score is 12 of 16
Answer Stats
Year Actor President % Correct
2012 Daniel Day-Lewis Abraham Lincoln
96%
2001 Jon Voight Franklin D. Roosevelt
93%
2006 Robin Williams Theodore Roosevelt
93%
2000 Jeff Daniels George Washington
91%
2013 Rob Lowe John F. Kennedy
87%
2008 Josh Brolin George W. Bush
85%
1995 Anthony Hopkins Richard Nixon
80%
2013 Alan Rickman Ronald Reagan
75%
2008 Paul Giamatti John Adams
73%
2022 O-T Fagbenle Barack Obama
72%
2010 Dennis Quaid Bill Clinton
71%
2013 Liev Schreiber Lyndon B. Johnson
71%
1995 Nick Nolte Thomas Jefferson
69%
2013 Robin Williams Dwight D. Eisenhower
67%
2022 Aaron Eckhart Gerald Ford
59%
1999 Kevin Kline Ulysses S. Grant
53%
No matching quizzes found
Score Distribution
Percent of People with Each Score
Percentile by Number Answered
Your Score History
You have not taken this quiz